• 首页
  • 本馆介绍
  • 公告通知
  • 最新文献
  • 馆藏检索
  • 电子资源
  • 读者导购
  • 参考咨询
  • 我的图书馆
  • 登录
  • 详细信息显示
  • 放入我的书架
  • 预约/预借图书
  • 作者相关作品
  • 分类相关作品
  • 丛书相关作品
  • 出版社相关作品

书目信息

  • 表格格式
  • 工作单格式
  • 卡片格式
题名:
坚持四项基本原则加强思想政治工作
    
 
作者: ;教育部 编
分册:  
出版信息: 北京   教育科学出版社  1981
页数: 221页
开本: 20cm
丛书名:
单 册:
中图分类: G641 , G41
科图分类:
主题词: 中国共产党--党的四项基本原则--学习参考资料 , 思想政治教育--学校教育 , 德育--学校教育
电子资源:
ISBN:
000 00782nam0 2200253 450
001 1559312491
005 20150126162852.70
010    @dCNY0.54
091    @a7232.77@dCNY0.54
100    @a20071203d1981 em y0chiy0121 ea
101 0  @achi
102    @aCN@b110000
105    @ay z 000yy
200 1  @a坚持四项基本原则加强思想政治工作@9jian chi si xiang ji ben yuan ze jia qiang si xiang zheng zhi gong zuo@e大学、中专思想政治工作经验选编@f教育部编
210    @a北京@c教育科学出版社@d1981
215    @a221页@d20cm
606 0  @a中国共产党@x党的四项基本原则@j学习参考资料
606 0  @a思想政治教育--学校教育
606 0  @a德育--学校教育
690    @aG641@v5
690    @aG41@v4
711 02 @a教育部@9jiao yu bu@4编
801  0 @aCN@bTSSF@c20150126
905    @aZUCC@dG41@eJY94
    
    坚持四项基本原则加强思想政治工作:大学、中专思想政治工作经验选编/教育部编.-北京:教育科学出版社,1981
    221页;20cm
    
    
    ISBN :CNY0.54
    
●
相关链接 在E读中查询图书 在五车中查询图书 在当当中查询图书 在豆瓣中查询图书


正题名:坚持四项基本原则加强思想政治工作     索取号:G41/JY94         预约/预借

序号 登录号 条形码 馆藏地/架位号 状态 备注
1 7838062   278380627   学院路分馆/ [索取号:G41/JY94] 在馆    
2 7838063   278380636   学院路分馆/ [索取号:G41/JY94] 在馆    
3 7838545   278385454   学院路分馆/ [索取号:G41/JY94] 在馆    
4 7838546   278385463   学院路分馆/ [索取号:G41/JY94] 在馆    
欢迎您!
大连网信软件有限公司© 版权所有